书目信息 |
| 题名: |
川端康成散文
|
|
| 作者: | 川端康成 著 ;叶渭渠 译 | |
| 分册: | 上 | |
| 出版信息: | 北京 中国广播电视出版社 1999 |
|
| 页数: | 440页 | |
| 开本: | 20cm | |
| 丛书名: | 世界文化名人文库 | |
| 单 册: | ||
| 中图分类: | I313.6 | |
| 科图分类: | ||
| 主题词: | 散文--日本--现代 | |
| 电子资源: | ||
| ISBN: | 7-5043-3211-9 | |
| 000 | 00975nam2 2200265 45 | |
| 001 | 0199034085 | |
| 005 | 20050307153215.7 | |
| 010 | @a7-5043-3211-9@dCNY48.00 | |
| 100 | @a19990520d1999 em y0chiy0121 ea | |
| 101 | 1 | @achi@cjpn |
| 102 | @aCN@b110000 | |
| 105 | @aa z 000cy | |
| 200 | 1 | @a川端康成散文@Achuan duan kang cheng san wen@h上@f(日)川端康成著@F(Ri)Chuan Duan Kang Cheng Zhu@g叶渭渠译 |
| 210 | @a北京@c中国广播电视出版社@d1999 | |
| 215 | @a440页@c照片@d20cm | |
| 225 | 2 | @a世界文化名人文库 |
| 300 | @a纪念川端康成诞辰一百周年 | |
| 330 | @a本书是目前国内规模最大的川端康成散文专集,由著名日文专家叶渭渠翻译。其中既有流传甚广的名篇,也有新近译成中文的佳作,其收入作者随笔、游记、文艺评论等散文作品数十篇,文字优美,意境高远。 | |
| 410 | 0 | @12001 @a世界文化名人文库 |
| 606 | @a散文@y日本@z现代 | |
| 690 | @aI313.6@v4 | |
| 701 | 0 | @a川端康成@4著 |
| 702 | 0 | @a叶渭渠@Aye wei qu@4译 |
| 801 | 0 | @aCN@bNLC@c19990531 |
| 905 | @b344135-139@dI313.6@e178:1@f5 | |
| 川端康成散文.上/(日)川端康成著/叶渭渠译.-北京:中国广播电视出版社,1999 |
| 440页:照片;20cm.-(世界文化名人文库) |
| 纪念川端康成诞辰一百周年 |
| ISBN 7-5043-3211-9:CNY48.00 |
| 本书是目前国内规模最大的川端康成散文专集,由著名日文专家叶渭渠翻译。其中既有流传甚广的名篇,也有新近译成中文的佳作,其收入作者随笔、游记、文艺评论等散文作品数十篇,文字优美,意境高远。 |
| ● |
| 相关链接 |
|
|
|
|
正题名:川端康成散文
索取号:I313.6/178:1
 
预约/预借
| 序号 | 登录号 | 条形码 | 馆藏地/架位号 | 状态 | 备注 |
| 1 | 0344135 | 203441356 | 第一样本阅览室/ [索取号:I313.6/178:1] | 在馆 | |
| 2 | 0344136 | 203441365 | 第二借阅区/ [索取号:I313.6/178:1] | 在馆 | |
| 3 | 0344137 | 203441374 | 第二借阅区/ [索取号:I313.6/178:1] | 在馆 | |
| 4 | 0344138 | 203441383 | 第二借阅区/ [索取号:I313.6/178:1] | 在馆 | |
| 5 | 0344139 | 203441392 | 第二借阅区/ [索取号:I313.6/178:1] | 在馆 |